00985 2200229 4500001002100000005001500021035002000036007000300056008004100059020002200100082001000122084001600132100003100148245007800179250000600257260004200263300004800305700003500353650002900388520032100417990001700738INLIS00000000000101320260505085226 a0010-0823000177ta260505 c 0 ind  a978-602-341-077-4 a567.9 a567.9 HAS i0 aHasna Nelfia ( Pengarang )1 aIguanodon :bsi gigi iguana /cHasna Nelfia ; ilustrasi, Sugeng Supriyadi a- aJakarta :bBestari Buana Murni,c2016 a24 :bilus. ; gambar berwarna ;c20.5 cme-0 aSugeng Supriyadi ( Ilustrasi ) 4aKomik - Bacaan anak-anak aKemiripan fosil gigi hewan ini dengan iguana membuat seorang ilmuwan menyebutnya 'Iguandodon" atau gigi iguana. Hewan ini sangat menyukai daun palem dan pakis. Ia akan melumat daun-daun dengan giginya hingga halus. Ia lebih senang hidup berkelompok. Karena ancaman dari hewan karniivora ganas bisa datang kapan saja. a00093/K/2019